Normal-Type Pokemon Moves - Statistics

General Stats
  • This quiz has been taken 947 times
  • The average score is 86 of 170
Answer Stats
Category Description Move % Correct
Physical Inflicts damage; 50 power Tackle
92%
Special Recharge time Hyper Beam
86%
Status Ditto's signature move Transform
83%
Status Target sleeps 1 turn later Yawn
83%
Physical Priority +1 Quick Attack
81%
Status Switches opponent's Pokemon Roar
81%
Status Defends user from attacks for 1 turn Protect
80%
Status Does absolutely nothing whatsoever; Gen 1 Splash
80%
Status Attack -1 Growl
79%
Physical Used to move large boulders Strength
79%
Special Can freeze, paralyze, or burn Tri Attack
77%
Physical Inflicts damage, removes small trees Cut
76%
Physical May cause paralysis Body Slam
75%
Status Randomly uses any move Metronome
74%
Physical Meowth's signature move Pay Day
74%
Physical Inflicts damage; 40 power Scratch
74%
Status Evasion +1 Double Team
73%
Status Miltank's signature move Milk Drink
73%
Status Infatuates target Attract
72%
Physical Power depends on friendship Return
72%
Physical Recharge time Giga Impact
71%
Special Varies with the weather Weather Ball
71%
Physical User faints Explosion
70%
Status Illuminates dark caves, Accuracy -1 Flash
70%
Status Boosts power of an ally's attack Helping Hand
70%
Physical User faints; 200 power Self-Destruct
69%
Status Def +1, Sp Def +1. Can use 3 times Stockpile
69%
Status Defense -1 Tail Whip
69%
Physical Target is left with at least 1 HP False Swipe
68%
Status Smeargle's signature mvoe Sketch
68%
Status User must be asleep, uses 1 random move Sleep Talk
68%
Physical Used when no remaining PP, recoil Struggle
68%
Status Defense -1 Leer
67%
Status All Pokemon that hear it faint in 3 turns Perish Song
65%
Physical Recoil damage; 90 power Take Down
65%
Status Puts target to sleep Sing
64%
Physical High critical hit ratio Slash
64%
Status Used in conjunction with Stockpile Swallow
64%
Physical Recoil damage; 120 power Double-Edge
63%
Physical Hits 2-5 times; 15 power, 85 accuracy Double Slap
63%
Physical May cause flinch; 70 power Headbutt
63%
Special Type and power depends on user's IVs Hidden Power
63%
Physical May cause flinch; 80 power Hyper Fang
63%
Status 1/4 of user's HP is used to create decoy Substitute
63%
Physical User endures 2 turns, then x2 damage 3rd turn Bide
62%
Status Survive any attack with 1 HP Endure
62%
Physical Delibird's signature move Present
62%
Physical Used to scale walls Rock Climb
62%
Physical Cuts target's HP to 1/2 Super Fang
62%
Status User switches out and passes stat changes Baton Pass
61%
Status Mimics move used immediately before it Copycat
61%
Physical Power depends on friendship Frustration
61%
Status The user copies the target's last move Mimic
61%
Special May cause flinch, user must be asleep Snore
61%
Status Chansey's/Blissey's signature move Soft-Boiled
61%
Special Used in conjunction with Stockpile Spit Up
61%
Special Never misses Swift
61%
Status Normal and Fighting moves can hit ghosts; Gen 2 Foresight
60%
Status Restores 1/2 of user's HP; Gen 1 Recover
60%
Physical Effect depends on environment; secret bases Secret Power
60%
Status Cuts user's HP in 1/2, Attack +6 Belly Drum
59%
Status Ensures the next attack will not miss Lock-On
59%
Physical Inflicts damage; 40 power Pound
59%
Status Attack +2 Swords Dance
59%
Physical Hits 2-5 times; 18 power, 80 accuracy Fury Swipes
58%
Physical Only used on the first turn, causes flinch Fake Out
57%
Status Only used after all other moves are used Last Resort
57%
Status Target becomes unable to flee; Gen 2 Mean Look
57%
Status Raises target's Attack +2 and confuses Swagger
57%
Physical x2 power if user is statused Facade
56%
Status HP of the user and the target is averaged Pain Split
55%
Status Increases critical hit ratio Focus Energy
54%
Physical An OHKO move Guillotine
54%
Status Jynx's signature move Lovely Kiss
54%
Physical Inflicts damage; 80 power Mega Punch
54%
Status Evasion -1, lures wild Pokemon Sweet Scent
54%
Physical Minccino's/Cinccino's signature move Tail Slap
54%
Physical Inflicts damage; 100 power Egg Bomb
53%
Physical Priority +2 Extreme Speed
53%
Physical Inflicts damage; 120 power Mega Kick
53%
Status Uses a move known by another party member Assist
52%
Status Protects user's team from status for 5 turns Safeguard
52%
Physical Lasts 2-3 turns, then confuses user Thrash
52%
Special Lasts 3 turns, nothing can sleep Uproar
52%
Physical An OHKO move; Horn Drill
51%
Status Defense +1; 40 PP Defense Curl
50%
Status Makes all targets aim at the user Follow Me
50%
Physical Blows away hazards Rapid Spin
50%
Status Allows user to regain a consumed item Recycle
50%
Physical x2 damage if ally fainted on previous turn Retaliate
50%
Physical Inflicts damage; 80 power Slam
50%
Status Switches opponent's Pokemon Whirlwind
50%
Status Porygon evolutionary line's signature move Conversion
49%
Status Target uses the move it last used for 3 turns Encore
49%
Physical Breaks through Protect and Detect Feint
49%
Special Inflicts damage; 90 power Hyper Voice
49%
Status Uses the target's intended move first Me First
49%
Physical Attack +1 every time user is attacked Rage
49%
Status Paralyzes target Glare
48%
Status Heals status conditions of all party Pokemon Heal Bell
48%
Status Attack +1 Howl
48%
Status Evasion +2 Minimize
48%
Status Defense -2 Screech
48%
Status Changes target's ability to Simple Simple Beam
48%
Special Always inflicts 20 HP damage Sonic Boom
48%
Status Confuses target; 55 accuracy Supersonic
48%
Physical Cuts target's HP to user's HP Endeavor
47%
Physical Hits 2-5 times; 15 power, 85 accuracy Fury Attack
46%
Status Porygon evolutionary line's signature move Conversion 2
45%
Physical Inflicts damage; 65 power Horn Attack
45%
Status Defense +1; 30 PP Harden
44%
Special Arceus's signature move Judgment
44%
Status Effect depends on environment Nature Power
44%
Physical 2-turn attack. Defense +1 on 1st turn Skull Bash
44%
Physical Lasts 2-5 turns; 90 accuracy Wrap
44%
Physical Lasts 4-5 turns; 85 accuracy Bind
42%
Status Def/Sp Def -1, Atk/Sp Atk/Speed +2 Shell Smash
42%
Status Attack +1, Sp Attack +1 Work Up
42%
Physical Bouffalant's signature move Head Charge
41%
Physical Exeggcute's/Exeggutor's signature move Barrage
40%
Physical Hits 2 times Double Hit
40%
Status Normal and Fighting moves can hit ghosts; Gen 1 Odor Sleuth
39%
Physical May cause flinch; 65 power Stomp
39%
Status User makes target use its move right after user After You
38%
Status Random stat +2 Acupressure
37%
Special 2-turn attack, high critical hit ratio Razor Wind
37%
Special Inflicts damage; 140 power Boomburst
36%
Special Meloetta's signature move Relic Song
36%
Status Litleo's/Pyroar's signature move Noble Roar
35%
Status Speed -2 Scary Face
35%
Status Target becomes unable to flee; Gen 3 Block
34%
Status Target cannot use last-used move for 4 turns Disable
34%
Physical Power depends on user's remaining HP Flail
34%
Status User's type changes based on environment Camouflage
33%
Status User cures its poisoning, burn, or paralysis Refresh
33%
Physical May lower target's Speed -1 Constrict
32%
Physical Steals target's held item Covet
32%
Status Attack +1, Sp Attack +1 Growth
32%
Special x2 damage if used by an ally Round
32%
Status Target's HP restored by 1/2 user's HP Wish
32%
Status Protects the user's team from critical hits Lucky Chant
31%
Status Restores HP depending on weather Morning Sun
31%
Status Restores 1/2 of user's HP; Gen 3 Slack Off
31%
Special Genesect's signature move Techno Blast
31%
Physical May confuse target Dizzy Punch
30%
Status Held Berry determines type and power Natural Gift
30%
Physical Inflicts x2 damage on paralyzed target Smelling Salts
30%
Special Becomes stronger with consecutive use Echoed Voice
29%
Status Copies target's stat changes Psych Up
29%
Status Confuses target; 100 accuracy Teeter Dance
29%
Special Power depends on remaining PP Trump Card
29%
Status Does absolutely nothing whatsoever; Gen 6 Celebrate
28%
Status Makes target's ability same as user's Entrainment
28%
Status Attack -1, Defense -1 Tickle
28%
Physical May lower target's Defense -1 Crush Claw
27%
Special Power depends on target's HP Wring Out
25%
Physical Hits 2-5 times; 18 power, 85 accuracy Comet Punch
23%
Physical Target is left with at least 1 HP Hold Back
23%
Status Ensures the next attack will not miss Mind Reader
23%
Status Attack +1 Sharpen
23%
Status Affects opposite gender Sp Attack -2 Captivate
22%
Status Doubles amount of prize money Happy Hour
22%
Status Accuracy -1 Smokescreen
22%
Status User passes its held item to target Bestow
21%
Status Changes user's type to match target's type Reflect Type
21%
Physical Target's stat changes do not affect power Chip Away
20%
Physical Power depends on target's HP Crush Grip
19%
Physical Inflicts damage; 55 power Vice Grip
19%
Physical Hits 2-5 times; 20 power, 100 accuracy Spike Cannon
18%
Status Sp Attack -1 Confide
15%
No matching quizzes found
Score Distribution
Percent of People with Each Score
Percentile by Number Answered
Your Score History
You have not taken this quiz